| 000 | 00954nas a2200313 4500 | ||
|---|---|---|---|
| 001 | BR0100259 | ||
| 003 | BR-BrBNA | ||
| 005 | 20231205102033.0 | ||
| 007 | ta | ||
| 008 | 230509b bl.|||p| |||| 00| 00por d | ||
| 040 |
_aBR-BrBNA _bpor _cBiblioteca Nacional de Agricultura |
||
| 041 | _a(Pt) | ||
| 072 | _aQ03 | ||
| 100 | 1 | _aTorrezan, R. | |
| 100 | 1 | _aEiroa, M.N.U. | |
| 100 | 1 | _aPfenning, L. | |
| 245 | 1 | _aIdentificacao de microrganismos isolados em frutas, polpas e ambiente industrial | |
| 650 | _aFruta | ||
| 650 | _aMicrorganismo | ||
| 650 | _aAnalise Microbiologica | ||
| 650 | _aMicrobiologia Industrial | ||
| 650 | _aFungo | ||
| 650 | _aBacteria Patogenica | ||
| 650 | _aPolpa de Fruta | ||
| 650 | _aFermento | ||
| 773 | 0 |
_tBoletim do Centro de Pesquisa e Processamento de Alimentos (Brazil) _xISSN 0102-0323 _g(Jan-Jun 2000), v. 18(1) p. 27-38 _wBR0100259 |
|
| 909 |
_a202311 _bLúcia _c55 _dLúcia Elande |
||
| 942 |
_2AGRIS _n0 _cANA |
||
| 999 |
_c165377 _d165377 |
||